00394nam a2200145Ia 4500003000400000005001700004008004100021040000900062082001900071100002300090245007300113260003200186300000900218650002100227OSt20201113112144.0190216s9999||||xx |||||||||||||| ||und|| coclc a808.066bAND/A aAnderson, Jonathan 0aAssignment And Thesis Writing /cJonathan Anderson ; Millicent Poole bWiley India,c2014.aDelhi: a173p aHistory Of Arabs